[Event "Blitz Women"]
[Site "?"]
[Date "2018.08.03"]
[Round "1.3"]
[White "Padmini, Rout"]
[Black "Guo, Qi"]
[Result "0-1"]
[BlackElo "2362"]
[WhiteElo "2402"]
[LiveChessVersion "1.4.8"]

1. e4 {[%clk 0:03:02]} e6 {[%clk 0:03:03]} 2. d4 {[%clk 0:03:02]} d5
{[%clk 0:03:04]} 3. Nd2 {[%clk 0:03:00]} c5 {[%clk 0:03:05]} 4. Ngf3
{[%clk 0:03:00]} cxd4 {[%clk 0:03:05]} 5. exd5 {[%clk 0:03:00]} Qxd5
{[%clk 0:03:05]} 6. Bc4 {[%clk 0:03:01]} Qd7 {[%clk 0:03:04]} 7. O-O
{[%clk 0:03:00]} Nc6 {[%clk 0:03:04]} 8. Nb3 {[%clk 0:03:00]} Nf6
{[%clk 0:03:05]} 9. Nbxd4 {[%clk 0:03:00]} Nxd4 {[%clk 0:03:05]} 10. Qxd4
{[%clk 0:03:01]} Qxd4 11. Nxd4 {[%clk 0:03:01]} a6 {[%clk 0:03:00]} 12. Nf3
{[%clk 0:02:27]} Bd7 {[%clk 0:02:29]} 13. Ne5 {[%clk 0:02:26]} Bc6
{[%clk 0:02:30]} 14. Bd3 {[%clk 0:02:17]} Bd5 {[%clk 0:02:18]} 15. Nc4
{[%clk 0:02:16]} Bd6 {[%clk 0:02:18]} 16. f3 {[%clk 0:01:52]} Rc8
{[%clk 0:02:16]} 17. b3 {[%clk 0:01:40]} Bc6 {[%clk 0:01:59]} 18. Bb2
{[%clk 0:01:14]} Nd5 {[%clk 0:02:00]} 19. Ne5 {[%clk 0:00:53]} Bxe5
{[%clk 0:01:46]} 20. Bxe5 {[%clk 0:00:49]} 0-1

[Event "Blitz Women"]
[Site "?"]
[Date "2018.08.03"]
[Round "1.4"]
[White "Zhai, Mo"]
[Black "Karavade, Eesha"]
[Result "1-0"]
[BlackElo "2280"]
[WhiteElo "2325"]
[LiveChessVersion "1.4.8"]

1. d4 {[%clk 0:03:02]} Nf6 {[%clk 0:03:03]} 2. c4 {[%clk 0:03:03]} e6
{[%clk 0:03:04]} 3. Nc3 {[%clk 0:03:04]} Bb4 {[%clk 0:03:05]} 4. Qc2
{[%clk 0:03:04]} O-O {[%clk 0:03:04]} 5. e4 {[%clk 0:03:05]} d5 {[%clk 0:02:57]}
6. e5 {[%clk 0:03:04]} Ne4 {[%clk 0:02:57]} 7. Bd3 {[%clk 0:03:05]} c5
{[%clk 0:02:47]} 8. Nf3 {[%clk 0:03:05]} cxd4 {[%clk 0:02:45]} 9. Nxd4
{[%clk 0:03:05]} Nd7 {[%clk 0:02:46]} 10. Bf4 {[%clk 0:02:56]} Qh4
{[%clk 0:02:21]} 11. g3 {[%clk 0:02:52]} Qh5 {[%clk 0:02:09]} 12. h4
{[%clk 0:02:49]} Bxc3+ {[%clk 0:01:48]} 13. bxc3 {[%clk 0:02:49]} f6
{[%clk 0:01:25]} 14. Nxe6 {[%clk 0:02:44]} fxe5 {[%clk 0:01:02]} 15. Nxf8
{[%clk 0:02:39]} Nxf8 {[%clk 0:01:03]} 16. Be3 {[%clk 0:02:32]} Nf6
{[%clk 0:00:51]} 17. Be2 {[%clk 0:02:21]} Qf7 {[%clk 0:00:51]} 18. Bg5
{[%clk 0:01:38]} dxc4 {[%clk 0:00:50]} 19. Bxf6 gxf6 {[%clk 0:00:51]} 20. Bf3
{[%clk 0:01:27]} Be6 {[%clk 0:00:51]} 21. Rd1 {[%clk 0:01:19]} Rc8
{[%clk 0:00:46]} 22. O-O {[%clk 0:01:07]} b6 {[%clk 0:00:44]} 23. Rfe1
{[%clk 0:01:06]} Nd7 {[%clk 0:00:45]} 24. Rd6 {[%clk 0:00:43]} Nc5
{[%clk 0:00:45]} 25. Red1 {[%clk 0:00:44]} Kg7 {[%clk 0:00:41]} 26. Qe2
{[%clk 0:00:42]} Nd3 {[%clk 0:00:37]} 27. Be4 {[%clk 0:00:35]} Nc5
{[%clk 0:00:28]} 28. Bd5 {[%clk 0:00:32]} Bxd5 {[%clk 0:00:25]} 29. R1xd5
{[%clk 0:00:33]} Rc7 {[%clk 0:00:21]} 30. Qxc4 {[%clk 0:00:32]} Qg6
{[%clk 0:00:18]} 31. Qe2 {[%clk 0:00:27]} h5 {[%clk 0:00:13]} 32. Kg2
{[%clk 0:00:28]} Kh6 {[%clk 0:00:10]} 33. Rd8 {[%clk 0:00:29]} Rf7
{[%clk 0:00:10]} 34. Rh8+ {[%clk 0:00:29]} Rh7 {[%clk 0:00:11]} 35. Rdd8
{[%clk 0:00:29]} Kg7 {[%clk 0:00:10]} 36. Rxh7+ {[%clk 0:00:28]} Kxh7
{[%clk 0:00:11]} 37. Ra8 {[%clk 0:00:28]} Qf7 {[%clk 0:00:10]} 38. Qf3
{[%clk 0:00:28]} Kg6 {[%clk 0:00:09]} 39. Rh8 {[%clk 0:00:25]} Kg7
{[%clk 0:00:06]} 40. Rxh5 {[%clk 0:00:25]} e4 {[%clk 0:00:07]} 41. Qg4+
{[%clk 0:00:26]} Kf8 {[%clk 0:00:08]} 42. Rf5 {[%clk 0:00:27]} e3
{[%clk 0:00:07]} 43. Qf3 {[%clk 0:00:26]} exf2 {[%clk 0:00:06]} 44. Rxf6
{[%clk 0:00:26]} Ke8 {[%clk 0:03:02]} 1-0

[Event "Blitz Women"]
[Site "?"]
[Date "2018.08.03"]
[Round "1.5"]
[White "Pham, Le Thao Nguyen"]
[Black "Yaghy, Ritta."]
[Result "1-0"]
[BlackElo "1773"]
[WhiteElo "2385"]
[LiveChessVersion "1.4.8"]

1. d4 {[%clk 0:03:01]} d5 {[%clk 0:03:04]} 2. Nf3 {[%clk 0:03:02]} e6
{[%clk 0:03:05]} 3. Bf4 {[%clk 0:03:03]} Nf6 {[%clk 0:03:06]} 4. e3
{[%clk 0:03:04]} c5 {[%clk 0:03:07]} 5. c3 {[%clk 0:03:04]} Nc6 {[%clk 0:03:08]}
6. Nbd2 {[%clk 0:03:04]} Bd6 {[%clk 0:03:09]} 7. Bg3 {[%clk 0:03:05]} O-O
{[%clk 0:03:06]} 8. Bd3 {[%clk 0:03:05]} c4 {[%clk 0:02:56]} 9. Bc2
{[%clk 0:03:05]} b5 {[%clk 0:02:54]} 10. a3 {[%clk 0:03:06]} Bb7 {[%clk 0:02:45]}
11. Ne5 {[%clk 0:03:01]} a5 {[%clk 0:02:35]} 12. f4 {[%clk 0:03:00]} b4
{[%clk 0:02:30]} 13. O-O {[%clk 0:02:43]} Qc7 {[%clk 0:02:17]} 14. Bh4
{[%clk 0:02:33]} Be7 {[%clk 0:01:45]} 15. Ba4 {[%clk 0:02:03]} Rac8
{[%clk 0:01:15]} 16. Qf3 {[%clk 0:01:37]} Ne4 {[%clk 0:00:52]} 17. Nxe4
{[%clk 0:01:35]} dxe4 {[%clk 0:00:52]} 18. Qh3 {[%clk 0:01:33]} f5
{[%clk 0:00:43]} 19. Bxc6 {[%clk 0:01:28]} Bxc6 {[%clk 0:00:36]} 20. axb4
{[%clk 0:01:17]} axb4 {[%clk 0:00:30]} 21. Nxc6 {[%clk 0:01:14]} Bxh4
{[%clk 0:00:31]} 22. Nxb4 {[%clk 0:00:44]} Be7 {[%clk 0:00:28]} 23. Nc2
{[%clk 0:00:43]} Rb8 {[%clk 0:00:29]} 24. Ra2 {[%clk 0:00:44]} Rb3
{[%clk 0:00:27]} 25. Na1 {[%clk 0:00:39]} Rb5 {[%clk 0:00:25]} 26. Qg3
{[%clk 0:00:39]} Rfb8 {[%clk 0:00:22]} 27. Qf2 {[%clk 0:00:35]} Qb6
{[%clk 0:00:15]} 28. Qe2 {[%clk 0:00:36]} Rc8 {[%clk 0:00:09]} 29. h3
{[%clk 0:00:34]} Bf6 {[%clk 0:00:06]} 30. Qc2 {[%clk 0:00:31]} Rb8
{[%clk 0:00:06]} 31. Rf2 {[%clk 0:00:32]} Bh4 {[%clk 0:00:07]} 32. Re2
{[%clk 0:00:33]} Be7 {[%clk 0:00:04]} 33. Kh2 {[%clk 0:00:34]} Bd6
{[%clk 0:00:05]} 34. Qa4 {[%clk 0:00:33]} Rb7 {[%clk 0:00:04]} 35. Qxc4
{[%clk 0:00:33]} Kf7 {[%clk 0:00:04]} 36. b4 {[%clk 0:00:27]} Rc7
{[%clk 0:00:04]} 37. Qb3 {[%clk 0:00:26]} Qb8 {[%clk 0:00:04]} 38. g3
{[%clk 0:00:22]} Qc8 {[%clk 0:00:05]} 39. Rac2 {[%clk 0:00:16]} Rb8
{[%clk 0:00:04]} 40. b5 {[%clk 0:00:16]} Qb7 {[%clk 0:00:04]} 41. c4
{[%clk 0:00:17]} Rbc8 {[%clk 0:00:05]} 42. c5 {[%clk 0:00:17]} Be7
{[%clk 0:00:06]} 43. Rc4 {[%clk 0:00:13]} Ra8 {[%clk 0:00:05]} 44. Nc2
{[%clk 0:00:14]} Qa7 {[%clk 0:00:04]} 45. b6 {[%clk 0:00:14]} Qb7
{[%clk 0:00:05]} 46. Nb4 {[%clk 0:00:11]} Rcc8 {[%clk 0:00:06]} 47. Rcc2
{[%clk 0:00:11]} Ra5 {[%clk 0:00:04]} 48. Ra2 {[%clk 0:00:12]} Rca8
{[%clk 0:00:04]} 49. Rxa5 {[%clk 0:00:12]} Rxa5 {[%clk 0:00:05]} 50. Ra2
{[%clk 0:00:13]} Ra8 {[%clk 0:00:05]} 51. Rxa8 {[%clk 0:00:12]} Qxa8
{[%clk 0:00:06]} 52. Nc2 {[%clk 0:00:12]} Qb7 {[%clk 0:00:06]} 53. Na3
{[%clk 0:00:13]} Bd8 {[%clk 0:00:04]} 54. Nc4 {[%clk 0:00:15]} Be7
{[%clk 0:00:05]} 55. h4 {[%clk 0:00:15]} h5 {[%clk 0:00:06]} 56. Qb5
{[%clk 0:00:16]} g6 {[%clk 0:00:04]} 57. c6 {[%clk 0:00:17]} Qb8 {[%clk 0:00:05]}
58. c7 {[%clk 0:00:17]} Qb7 {[%clk 0:00:06]} 59. Na5 {[%clk 0:00:17]} 1-0

[Event "Blitz Women"]
[Site "?"]
[Date "2018.08.03"]
[Round "1.6"]
[White "Yazji, Mada"]
[Black "Hoang, Thi Bao Tram"]
[Result "0-1"]
[BlackElo "2314"]
[WhiteElo "1723"]
[LiveChessVersion "1.4.8"]

1. e4 {[%clk 0:03:03]} c6 {[%clk 0:03:02]} 2. d4 {[%clk 0:03:03]} d5
{[%clk 0:03:03]} 3. Nc3 {[%clk 0:03:02]} g6 {[%clk 0:03:04]} 4. Nf3
{[%clk 0:03:02]} Bg7 {[%clk 0:03:05]} 5. Be2 {[%clk 0:02:56]} Bg4
{[%clk 0:03:06]} 6. O-O {[%clk 0:02:56]} dxe4 {[%clk 0:03:00]} 7. Nxe4
{[%clk 0:02:53]} Nd7 {[%clk 0:02:51]} 8. c3 {[%clk 0:02:50]} Ngf6
{[%clk 0:02:51]} 9. Nxf6+ Nxf6 {[%clk 0:02:51]} 10. Bf4 {[%clk 0:02:35]} O-O
{[%clk 0:02:51]} 11. h3 {[%clk 0:02:33]} Bxf3 {[%clk 0:02:45]} 12. Bxf3
{[%clk 0:02:33]} Nd5 {[%clk 0:02:46]} 13. Bxd5 {[%clk 0:01:56]} cxd5
{[%clk 0:02:35]} 14. Qb3 {[%clk 0:01:52]} Qd7 {[%clk 0:02:34]} 15. Rfe1
{[%clk 0:01:51]} a5 {[%clk 0:02:28]} 16. a4 {[%clk 0:01:43]} e6 {[%clk 0:02:19]}
17. Be5 {[%clk 0:01:33]} Rfc8 {[%clk 0:02:19]} 18. Bxg7 {[%clk 0:01:33]} Kxg7
{[%clk 0:02:19]} 19. Re3 {[%clk 0:01:29]} Rc4 {[%clk 0:02:19]} 20. Rae1
{[%clk 0:01:25]} Rxa4 {[%clk 0:02:09]} 21. Rf3 {[%clk 0:01:09]} Rc4
{[%clk 0:02:08]} 22. Qd1 {[%clk 0:00:59]} b5 {[%clk 0:02:03]} 23. Qd2
{[%clk 0:01:01]} Rf8 {[%clk 0:01:28]} 24. Qf4 {[%clk 0:01:00]} f6
{[%clk 0:01:17]} 25. h4 {[%clk 0:00:53]} Rf7 {[%clk 0:01:00]} 26. h5
{[%clk 0:00:44]} e5 {[%clk 0:00:54]} 27. Qg3 {[%clk 0:00:42]} e4 {[%clk 0:00:54]}
28. Rf4 {[%clk 0:00:40]} g5 {[%clk 0:00:49]} 29. Rg4 {[%clk 0:00:31]} h6
{[%clk 0:00:49]} 30. f4 {[%clk 0:00:28]} f5 {[%clk 0:00:32]} 31. Rh4
{[%clk 0:00:22]} Qe7 {[%clk 0:00:25]} 32. fxg5 {[%clk 0:00:20]} Qxg5
{[%clk 0:00:25]} 33. Qe5+ {[%clk 0:00:21]} Qf6 {[%clk 0:00:22]} 34. Qg3+
{[%clk 0:00:22]} Kh7 {[%clk 0:00:22]} 35. Rf4 {[%clk 0:00:21]} Rc8
{[%clk 0:00:21]} 36. Ref1 {[%clk 0:00:21]} Rg8 {[%clk 0:00:22]} 37. Qf2
{[%clk 0:00:20]} Rg5 {[%clk 0:00:22]} 38. Qe2 {[%clk 0:00:20]} Qg7
{[%clk 0:00:21]} 39. R1f2 {[%clk 0:00:19]} Rf8 {[%clk 0:00:22]} 40. Kf1
{[%clk 0:00:16]} Qd7 {[%clk 0:00:22]} 41. Qd1 {[%clk 0:00:12]} e3
{[%clk 0:00:17]} 42. Re2 {[%clk 0:00:12]} Re8 {[%clk 0:00:17]} 43. Qd3
{[%clk 0:00:12]} Qf7 {[%clk 0:00:08]} 44. Rxe3 {[%clk 0:00:12]} 0-1

[Event "Blitz Women"]
[Site "?"]
[Date "2018.08.03"]
[Round "1.7"]
[White "Nguyen, Thi Thanh An"]
[Black "Mahmoud, Roula"]
[Result "1-0"]
[BlackElo "1642"]
[WhiteElo "2208"]
[LiveChessVersion "1.4.8"]

1. d4 {[%clk 0:03:03]} Nf6 {[%clk 0:03:03]} 2. c4 {[%clk 0:03:04]} g6
{[%clk 0:03:04]} 3. Nc3 {[%clk 0:03:05]} Bg7 {[%clk 0:03:06]} 4. e4
{[%clk 0:03:05]} d6 {[%clk 0:03:07]} 5. Be2 {[%clk 0:03:03]} O-O {[%clk 0:03:06]}
6. Bg5 {[%clk 0:03:04]} h6 {[%clk 0:03:07]} 7. Be3 {[%clk 0:03:05]} e5
{[%clk 0:03:04]} 8. d5 {[%clk 0:02:59]} Kh7 {[%clk 0:02:59]} 9. f3
{[%clk 0:02:57]} Nbd7 {[%clk 0:02:58]} 10. Nh3 {[%clk 0:02:57]} a5
{[%clk 0:02:59]} 11. Nf2 {[%clk 0:02:58]} Ne8 {[%clk 0:02:59]} 12. g4
{[%clk 0:02:55]} Nc5 {[%clk 0:03:00]} 13. h4 {[%clk 0:02:50]} f5 {[%clk 0:03:00]}
14. h5 {[%clk 0:02:44]} f4 {[%clk 0:02:58]} 15. hxg6+ {[%clk 0:02:44]} Kxg6
{[%clk 0:02:52]} 16. Bd2 {[%clk 0:02:44]} Nf6 {[%clk 0:02:46]} 17. Qc2
{[%clk 0:02:43]} Kf7 {[%clk 0:02:35]} 18. O-O-O {[%clk 0:02:41]} Rh8
{[%clk 0:02:28]} 19. Rdg1 {[%clk 0:02:41]} Bd7 {[%clk 0:02:24]} 20. Nd3
{[%clk 0:02:39]} Nxd3+ {[%clk 0:02:18]} 21. Qxd3 {[%clk 0:02:39]} Qe7
{[%clk 0:02:19]} 22. Be1 {[%clk 0:02:40]} Nh7 {[%clk 0:02:07]} 23. Bf2
{[%clk 0:02:33]} Ng5 {[%clk 0:02:08]} 24. Kb1 {[%clk 0:02:31]} Rag8
{[%clk 0:02:01]} 25. Rd1 {[%clk 0:02:22]} Be8 {[%clk 0:01:58]} 26. c5
{[%clk 0:02:16]} Kf8 {[%clk 0:01:54]} 27. cxd6 {[%clk 0:02:14]} cxd6
{[%clk 0:01:55]} 28. Rc1 {[%clk 0:02:15]} h5 {[%clk 0:01:42]} 29. gxh5
{[%clk 0:02:15]} Rxh5 {[%clk 0:01:35]} 30. Rxh5 {[%clk 0:02:15]} Bxh5
{[%clk 0:01:36]} 31. Nb5 {[%clk 0:02:14]} Bf6 {[%clk 0:01:30]} 32. Rc7
{[%clk 0:02:13]} Qe8 {[%clk 0:01:16]} 33. Nxd6 {[%clk 0:02:13]} Qg6
{[%clk 0:01:14]} 34. Rc8+ {[%clk 0:02:07]} Ke7 {[%clk 0:01:05]} 35. Nf5+
{[%clk 0:02:07]} Kd7 {[%clk 0:01:03]} 36. Rxg8 {[%clk 0:02:04]} Qxg8
{[%clk 0:01:04]} 37. Qb5+ {[%clk 0:02:05]} Kc8 {[%clk 0:00:54]} 38. Qxa5
{[%clk 0:02:04]} Nxf3 {[%clk 0:00:51]} 39. Qa8+ {[%clk 0:02:05]} Kc7
{[%clk 0:00:50]} 40. Qxg8 {[%clk 0:02:04]} Nd2+ {[%clk 0:00:49]} 41. Kc2
{[%clk 0:02:05]} Nxe4 {[%clk 0:00:45]} 42. Bxh5 {[%clk 0:02:04]} Nxf2
{[%clk 0:00:42]} 43. Qf7+ {[%clk 0:02:03]} Kb6 {[%clk 0:00:40]} 44. Qxf6+
{[%clk 0:02:03]} Kc5 {[%clk 0:00:41]} 45. Qxe5 {[%clk 0:02:01]} Nh3
{[%clk 0:00:38]} 46. d6+ {[%clk 0:02:01]} Kc6 {[%clk 0:00:39]} 47. Nd4+
{[%clk 0:02:01]} Kd7 {[%clk 0:00:40]} 48. Qe7+ {[%clk 0:02:02]} Kc8
{[%clk 0:00:41]} 49. Qc7# {[%clk 0:02:02]} 1-0

[Event "Blitz Women"]
[Site "?"]
[Date "2018.08.03"]
[Round "1.8"]
[White "Alkaseer, Roaa."]
[Black "Luong, Phuong Hanh"]
[Result "1-0"]
[BlackElo "2165"]
[WhiteElo "1720"]
[LiveChessVersion "1.4.8"]

1. e4 {[%clk 0:03:02]} c5 {[%clk 0:03:04]} 2. Nf3 {[%clk 0:03:03]} e6
{[%clk 0:03:05]} 3. d4 {[%clk 0:03:04]} cxd4 4. Nxd4 {[%clk 0:03:06]} a6
{[%clk 0:03:07]} 5. Bd3 {[%clk 0:03:05]} Bc5 {[%clk 0:03:06]} 6. Nb3
{[%clk 0:03:06]} Be7 {[%clk 0:03:07]} 7. Nc3 {[%clk 0:03:06]} Nf6
{[%clk 0:03:09]} 8. O-O {[%clk 0:03:06]} Qc7 {[%clk 0:03:10]} 9. Qe2
{[%clk 0:03:06]} d6 {[%clk 0:03:10]} 10. Kh1 {[%clk 0:03:05]} O-O
{[%clk 0:03:11]} 11. f4 {[%clk 0:03:05]} Nbd7 {[%clk 0:03:12]} 12. Bd2
{[%clk 0:03:05]} b5 {[%clk 0:03:13]} 13. a3 {[%clk 0:03:06]} Bb7 {[%clk 0:03:14]}
14. Rae1 {[%clk 0:03:06]} Rfe8 {[%clk 0:03:15]} 15. e5 {[%clk 0:02:59]} Nd5
{[%clk 0:03:15]} 16. Nxd5 {[%clk 0:02:50]} Bxd5 {[%clk 0:03:15]} 17. Be4
{[%clk 0:02:44]} Bxe4 {[%clk 0:02:57]} 18. Qxe4 {[%clk 0:02:45]} Rac8
{[%clk 0:02:50]} 19. Nd4 {[%clk 0:02:27]} Nc5 {[%clk 0:02:36]} 20. Qe2
{[%clk 0:02:19]} Na4 {[%clk 0:02:36]} 21. Bc1 {[%clk 0:02:17]} Qb6
{[%clk 0:02:27]} 22. c3 {[%clk 0:02:16]} Nc5 {[%clk 0:02:04]} 23. Rf3
{[%clk 0:02:04]} Nd7 {[%clk 0:01:40]} 24. Rh3 {[%clk 0:01:57]} Nf8
{[%clk 0:01:39]} 25. exd6 {[%clk 0:01:41]} Bxd6 {[%clk 0:01:37]} 26. f5
{[%clk 0:01:40]} Bc5 {[%clk 0:01:25]} 27. f6 {[%clk 0:01:34]} Bxd4
{[%clk 0:01:21]} 28. cxd4 {[%clk 0:01:24]} Qxd4 {[%clk 0:01:22]} 29. fxg7
{[%clk 0:01:23]} Qxg7 {[%clk 0:01:21]} 30. Bh6 {[%clk 0:01:16]} Qf6
{[%clk 0:01:22]} 31. Rg3+ {[%clk 0:01:15]} Ng6 {[%clk 0:01:23]} 32. Rf1
{[%clk 0:00:53]} Qh4 {[%clk 0:01:15]} 33. Qf3 {[%clk 0:00:49]} Rc7
{[%clk 0:01:11]} 34. Bg5 {[%clk 0:00:47]} Qd4 {[%clk 0:00:53]} 35. Bf6
{[%clk 0:00:46]} Qd2 {[%clk 0:00:50]} 36. Be5 {[%clk 0:00:37]} Rc1
{[%clk 0:00:44]} 37. Qxf7# {[%clk 0:00:37]} 1-0

[Event "Blitz Women"]
[Site "?"]
[Date "2018.08.03"]
[Round "2.1"]
[White "Lei, Tingjie"]
[Black "Tokhirjonova, Gulrukhbegim"]
[Result "1-0"]
[BlackElo "2198"]
[WhiteElo "2468"]
[LiveChessVersion "1.4.8"]

1. d4 {[%clk 0:03:01]} Nf6 {[%clk 0:03:04]} 2. c4 {[%clk 0:02:59]} e6
{[%clk 0:03:05]} 3. g3 {[%clk 0:02:59]} d5 {[%clk 0:03:06]} 4. Bg2
{[%clk 0:02:59]} Bb4+ {[%clk 0:03:07]} 5. Nd2 {[%clk 0:02:59]} O-O
{[%clk 0:03:06]} 6. Ngf3 {[%clk 0:03:00]} c6 {[%clk 0:03:01]} 7. O-O
{[%clk 0:02:59]} b6 {[%clk 0:03:02]} 8. Qc2 {[%clk 0:02:52]} Bb7 {[%clk 0:03:02]}
9. b3 {[%clk 0:02:53]} Nbd7 {[%clk 0:03:00]} 10. Bb2 {[%clk 0:02:54]} Rc8
{[%clk 0:02:59]} 11. e4 {[%clk 0:02:36]} dxe4 {[%clk 0:02:58]} 12. Nxe4
{[%clk 0:02:34]} Nxe4 13. Qxe4 {[%clk 0:02:34]} Nf6 {[%clk 0:03:00]} 14. Qe2
{[%clk 0:02:35]} Bd6 {[%clk 0:02:50]} 15. Rfd1 {[%clk 0:02:30]} Qe7
{[%clk 0:02:46]} 16. Ne5 {[%clk 0:02:13]} c5 {[%clk 0:02:43]} 17. Bxb7
{[%clk 0:02:09]} Qxb7 {[%clk 0:02:44]} 18. Ng4 {[%clk 0:01:42]} Nxg4
{[%clk 0:02:18]} 19. Qxg4 {[%clk 0:01:41]} g6 {[%clk 0:02:14]} 20. d5
{[%clk 0:01:40]} e5 {[%clk 0:02:12]} 21. Re1 {[%clk 0:01:37]} f5 {[%clk 0:02:11]}
22. Qh4 {[%clk 0:01:35]} Rce8 {[%clk 0:02:11]} 23. Re2 {[%clk 0:01:34]} Be7
{[%clk 0:01:55]} 24. Qh6 {[%clk 0:01:32]} Bf6 {[%clk 0:01:55]} 25. Rae1
{[%clk 0:01:32]} Qc7 {[%clk 0:01:41]} 26. h4 {[%clk 0:01:21]} Bg7
{[%clk 0:01:32]} 27. Qd2 {[%clk 0:01:22]} Qd6 {[%clk 0:01:24]} 28. a3
{[%clk 0:01:20]} a5 {[%clk 0:01:23]} 29. Bc3 {[%clk 0:01:20]} Re7
{[%clk 0:01:08]} 30. b4 {[%clk 0:01:18]} axb4 {[%clk 0:01:08]} 31. axb4
{[%clk 0:01:19]} f4 {[%clk 0:01:04]} 32. gxf4 {[%clk 0:01:06]} Rxf4
{[%clk 0:01:05]} 33. Qxf4 {[%clk 0:01:06]} exf4 {[%clk 0:01:03]} 34. Rxe7
{[%clk 0:01:07]} Bxc3 {[%clk 0:01:04]} 35. R1e6 {[%clk 0:01:08]} Qxe7
{[%clk 0:00:50]} 36. Rxe7 {[%clk 0:01:08]} cxb4 {[%clk 0:00:51]} 37. d6
{[%clk 0:01:07]} Kf8 {[%clk 0:00:43]} 38. Rb7 {[%clk 0:01:07]} Bd4
{[%clk 0:00:42]} 39. Rb8+ {[%clk 0:01:06]} Kf7 {[%clk 0:00:13]} 40. d7
{[%clk 0:01:07]} 1-0

[Event "Blitz Women"]
[Site "?"]
[Date "2018.08.03"]
[Round "2.2"]
[White "Kurbonboeva, Sarvinoz"]
[Black "Shen, Yang"]
[Result "1/2-1/2"]
[BlackElo "2340"]
[WhiteElo "2201"]
[LiveChessVersion "1.4.8"]

1. d4 {[%clk 0:03:04]} d5 {[%clk 0:03:03]} 2. c4 {[%clk 0:03:05]} c6
{[%clk 0:03:04]} 3. cxd5 cxd5 4. Bf4 Nf6 {[%clk 0:03:05]} 5. Nc3 {[%clk 0:03:05]}
Nc6 {[%clk 0:03:04]} 6. e3 {[%clk 0:03:07]} a6 {[%clk 0:03:04]} 7. Bd3
{[%clk 0:03:05]} Bg4 {[%clk 0:03:04]} 8. Nge2 {[%clk 0:03:04]} e6
{[%clk 0:03:05]} 9. O-O {[%clk 0:03:03]} Be7 {[%clk 0:03:05]} 10. Bg3
{[%clk 0:02:45]} Bh5 {[%clk 0:03:00]} 11. Rc1 {[%clk 0:02:38]} Bg6
{[%clk 0:02:58]} 12. Nf4 {[%clk 0:02:37]} O-O {[%clk 0:02:55]} 13. Nxg6
{[%clk 0:02:37]} hxg6 {[%clk 0:02:56]} 14. f3 {[%clk 0:02:15]} Rc8
{[%clk 0:02:54]} 15. Qe2 {[%clk 0:02:10]} Nd7 {[%clk 0:02:44]} 16. Bf2
{[%clk 0:02:05]} Bf6 {[%clk 0:02:39]} 17. g4 {[%clk 0:01:53]} b5 {[%clk 0:02:29]}
18. f4 {[%clk 0:01:51]} Bh4 {[%clk 0:02:06]} 19. g5 {[%clk 0:01:41]} Bxf2+
{[%clk 0:02:05]} 20. Qxf2 {[%clk 0:01:41]} f5 {[%clk 0:01:53]} 21. gxf6
{[%clk 0:01:32]} Rxf6 {[%clk 0:01:51]} 22. Kh1 {[%clk 0:00:57]} Nf8
{[%clk 0:01:51]} 23. Qh4 {[%clk 0:00:53]} Na5 {[%clk 0:01:40]} 24. Rf3
{[%clk 0:00:45]} Nc4 {[%clk 0:01:37]} 25. b3 {[%clk 0:00:42]} Nd6
{[%clk 0:01:37]} 26. Rh3 {[%clk 0:00:35]} Qa5 {[%clk 0:01:26]} 27. Qe1
{[%clk 0:00:21]} Kf7 {[%clk 0:01:11]} 28. Rg3 {[%clk 0:00:13]} Qa3
{[%clk 0:01:09]} 29. Rg2 {[%clk 0:00:10]} b4 {[%clk 0:00:46]} 30. Ne2
{[%clk 0:00:09]} Rxc1 {[%clk 0:00:46]} 31. Nxc1 {[%clk 0:00:10]} Nf5
{[%clk 0:00:44]} 32. Rc2 {[%clk 0:00:10]} Kg8 {[%clk 0:00:44]} 33. Qd2
{[%clk 0:00:07]} Nh4 {[%clk 0:00:43]} 34. Ne2 {[%clk 0:00:08]} Rf7
{[%clk 0:00:40]} 35. Ng3 {[%clk 0:00:08]} Qa5 {[%clk 0:00:39]} 36. Qc1
{[%clk 0:00:09]} Nf5 {[%clk 0:00:38]} 37. Nf1 {[%clk 0:00:06]} Qd8
{[%clk 0:00:37]} 38. Rg2 {[%clk 0:00:05]} Qh4 {[%clk 0:00:38]} 39. Ng3
{[%clk 0:00:05]} Nxg3+ {[%clk 0:00:36]} 40. Rxg3 {[%clk 0:00:06]} a5
{[%clk 0:00:34]} 41. Qg1 {[%clk 0:00:06]} Rf6 {[%clk 0:00:34]} 42. Rg4
{[%clk 0:00:07]} Qh5 {[%clk 0:00:34]} 43. Rg3 {[%clk 0:00:07]} Qh4
{[%clk 0:00:34]} 44. Rg4 {[%clk 0:00:08]} Qh3 {[%clk 0:00:34]} 45. Rg3
{[%clk 0:00:10]} Qh5 {[%clk 0:00:35]} 46. Rg4 {[%clk 0:00:10]} Qh6
{[%clk 0:00:31]} 47. Rg5 {[%clk 0:00:10]} Qh4 {[%clk 0:00:32]} 48. Be2
{[%clk 0:00:09]} Rf5 {[%clk 0:00:29]} 49. Rg4 {[%clk 0:00:09]} Qd8
{[%clk 0:00:26]} 50. Bd3 {[%clk 0:00:10]} Rf6 {[%clk 0:00:26]} 51. Bxg6
{[%clk 0:00:11]} Nxg6 {[%clk 0:00:21]} 52. Rxg6 {[%clk 0:00:12]} Qf8
{[%clk 0:00:22]} 53. Rxf6 Qxf6 {[%clk 0:00:23]} 54. Qg4 {[%clk 0:00:11]} Qh6
{[%clk 0:00:21]} 55. Qg5 {[%clk 0:00:08]} Qh3 {[%clk 0:00:22]} 56. Qg3
{[%clk 0:00:06]} Qf5 {[%clk 0:00:22]} 57. Kg2 {[%clk 0:00:05]} Qe4+
{[%clk 0:00:22]} 58. Qf3 {[%clk 0:00:05]} Qc2+ {[%clk 0:00:23]} 59. Qf2
{[%clk 0:00:07]} Qe4+ {[%clk 0:00:24]} 60. Kh3 {[%clk 0:00:08]} Qf5+
{[%clk 0:00:25]} 61. Kg2 {[%clk 0:00:09]} Qe4+ {[%clk 0:00:26]} 62. Kg1
{[%clk 0:00:09]} Qb1+ {[%clk 0:00:27]} 63. Kg2 {[%clk 0:00:11]} Qe4+
{[%clk 0:00:28]} 64. Kg3 {[%clk 0:00:08]} Qg6+ {[%clk 0:00:28]} 1/2-1/2